History Quiz

Random History or Clickable Quiz

British History Match Quiz Stats

 Plays Quiz Updated Feb 15, 2019

Support Sporcle.
Go Orange.
Score 0/33 Timer 08:00
2 Plays Today
% Correct
2012
87.7%
1066
81.3%
1953
79.2%
1982
77.4%
1966
74.4%
1936
72.3%
1970
70.1%
1666
68.6%
1215
67.3%
1965
62.3%
1948
61.5%
1859
58.4%
1973
58.2%
1805
50.2%
1485
50.2%
1100
49.9%
1649
49%
% Correct
1605
48.1%
1665
45.8%
1192
44.3%
1838
44.2%
1658
43.4%
1564
42.8%
1533
42.3%
1755
40.7%
1553
39.3%
1833
36.6%
1337
35%
1170
34.7%
1348
34.1%
1812
31.1%
1545
29.6%
1381
28.1%

From the Vault

Olympic Sports (A-Z)

by eyes355

Sports 5m
We like to think that if the Sporclympics were a thing, our sports would look just as cool.
Remove Ads.
Support Sporcle.
Get the best of Sporcle when you Go Orange. This ad-free experience offers more features, more stats, and more fun while also helping to support Sporcle. Thank you for becoming a member.

Show Comments

Extras

Top Quizzes Today


Score Distribution

Your Account Isn't Verified!

In order to create a playlist on Sporcle, you need to verify the email address you used during registration. Go to your Sporcle Settings to finish the process.

Report this User

Report this user for behavior that violates our Community Guidelines.

Details: